000 00400nam a2200169Ia 4500
008 230524s9999 xx 000 0 und d
020 _a9788131515495
082 _a540
_bRAT
100 _aPrasanta Rath
245 0 _aEngineering Chemistry
250 _a1
260 _aNew Delhi
_bCengage
_c2012
300 _a"XIII,374p;"
500 _aQuantity Number: 2
650 _aChemistry
942 _cBK
999 _c56512
_d56512